000 00525nam a22001577a 4500
003 NUST
038 _aNusrat Nadeem
082 _a200
100 _aPerveen, Saima
_9132659
245 _aRealization of Colossal Permittivity in Ferrite-based Nanocomposites for Multifunctional Applications/
_c Saima Perveen,
264 _aIslamabad:
_bSNS NUST.
_c2025.
650 _aPhD-Physics
_9123513
700 _aSupervisor: Dr. Fahad Azad
_9132660
856 _uhttp://10.250.8.41:8080/xmlui/handle/123456789/56137
942 _2ddc
_cSC
999 _c615748
_d615748